Análisis del deporte
Furkejuvvon:
| Váldodahkki: | |
|---|---|
| Materiálatiipa: | Girji |
| Giella: | espánnjágiella |
| Almmustuhtton: |
Barcelona
Bellaterra
1989
|
| Fáttát: | |
| Fáddágilkorat: |
Lasit fáddágilkoriid
Eai fáddágilkorat, Lasit vuosttaš fáddágilkora!
|
MARC
| LEADER | 00000nam a2200000 a 4500 | ||
|---|---|---|---|
| 001 | UCW6694 | ||
| 003 | CL-VaPUC | ||
| 008 | 920423e19890000SP |||||||||||||||||spa|d | ||
| 082 | 0 | 4 | |a 790.01 |b JEU |2 21 |
| 100 | 0 | |a Jeu, Bernard |e author |9 311724 | |
| 245 | 1 | 0 | |a Análisis del deporte |
| 300 | |a 192 p | ||
| 942 | |c BK | ||
| 945 | |d 19920423 00:00:00 | ||
| 260 | |a Barcelona |b Bellaterra |c 1989 | ||
| 650 | 7 | |a FILOSOFIA DEL DEPORTE |2 CL-VaPUC |9 311725 | |
| 583 | |a last modification |c 19920423 00:00:00 |k Rodrigo Vera | ||
| 999 | |c 219663 |d 219661 | ||
| 952 | |0 0 |1 0 |4 0 |6 790_010000000000000_JEU_1989 |7 0 |8 P |9 210867 |a BIBEDU |b BIBEDU |c BIBEDU_PB |d 2019-11-15 |i 2790912 |o 790.01 JEU 1989 |p 2790912 |r 2024-01-25 |w 2019-11-15 |y BK |k EDU | ||